000 00528nam a22002057a 4500
003 OSt
005 20140310182752.0
008 130202t xxu||||| |||| 00| 0 eng d
020 _a9748279634
050 _a Z666.5 .
_bG693 1999
082 _a Z666.5 .
_bG693 1999
245 _aLearn about information.
_cGosling, Mary.
260 _aCanberra :
_b DocMatrix,
_c1999.
300 _a155 p. ;
_c31 cm.
521 _acollege students
526 _c1210L-1700L
541 _j1
562 _e1
942 _2lcc
_cBK
_kM
999 _c15768
_d15768